000 00757nam a2200253Ia 4500
003 OSt
005 20220928130746.0
006 a|||||r|||| 00| 0
007 ta
008 220927b |||||||| |||| 00| 0 eng d
020 _c7266.5500000000002
024 _a105846
037 _b507, 01/02/2010, Pioneer Book Distributors
_cTextual
040 _aSDCL
_cSDCL
_beng
041 _2eng
_aeng
082 _aR3, P9
100 _aLe Poidevin Robin Ed.
_9475958
245 0 _aRoutledge compaqnion to metaphysics.
260 _aNew York
_b Routledge
_c2009
300 _axxii,609p
_ccm.
650 _aPhilosophy
942 _hR3, P9
_cTEXL
_2CC
999 _c788413
_d788413